Gümrüklerimiz ve tarihsel gelişmi (Record no. 10522)

MARC details
000 -BAŞLIK
Sabit Uzunlukta Kontrol Alanı 00736na a2200253 4500
001 - KONTROL NUMARASI
Denetim Alanı 23957
003 - KONTROL NUMARASI IDENTIFIER
Denetim Alanı MIRAKIL
005 - SON İŞLEM TARİHİ VE ZAMANI
Denetim Alanı 20181213155324.0
008 - SABİT-BOY VERİ ELEMANLARI - GENEL BİLGİLER
Sabit Uzunlukta Kontrol Alanı 180130b tu 000 0
040 ## - KATALOGLAMA KAYNAK
Orijinal Kataloglama Ajansı Milas
Kataloglama Dili tur
Metne Dönüştürmek Ajansı TR-AnCHP
041 ## - DİL KODU
Metin / Ses Parça Veya Ayrı Başlığın Dil Kodu tur
082 ## - DEWEY ONLU SINIFLANDIRMA NUMARASI
Sınıflandırma Numarası 336.26
Ürün Numarası C25g 1974
090 ## - SINIFLAMA NUMARASI
Sınıflama Numarası 336.26 C25g 1974
100 ## - ANA GİRİŞ - KİŞİSEL İSİM
Kişisel Ad Can, Tevfik
245 ## - BAŞLIK TABLOSU
Başlık Gümrüklerimiz ve tarihsel gelişmi
Sorumluluk Tablosu, Vb Tevfik Can
260 ## - YAYIN, DAĞITIM, VB
Yayın, Dağıtım, Vb Yeri Ankara
Yayıncı, Dağıtıcı, Vs Adı T.C. Başbakanlık Devlet Planlama Teşkilatı
Yayın, Dağıtım, Vb Tarihi 1974
300 ## - FİZİKSEL TANIM
Kapsam 35 s.
Boyutlar 28 sm.
440 ## - SERİSİ TABLOSU / KATMA GİRİŞİ - BAŞLIK
Başlık DPT
Hacim / Ardışık Tanımı yayın no: DPT: 1384
490 ## - SERİSİ TABLOSU
Seri Beyanı İPD
Hacim / Ardışık Tanımı 373
650 ## - KONU KATMA GİRİŞ - TOPİKAL DÖNEM
Topikal Süreli Veya Coğrafi Ad Giriş Elemanı Gümrük vergileri
Genel Alt Bölümü Türkiye
Kronolojik Alt Bölümü Tarih
650 ## - KONU KATMA GİRİŞ - TOPİKAL DÖNEM
Topikal Süreli Veya Coğrafi Ad Giriş Elemanı Gümrük
Genel Alt Bölümü Tarih
Coğrafi Alt Bölümü Türkiye
710 ## - KATMA GİRİŞ - KURUMSAL ADI
Giriş Elemanı Olarak Kurumsal Ad Veya Yargı Alanı Adı Devlet Planlama Teşkilatı (DPT)
942 ## - EKLENDİ GİRİŞ ELEMANLARI (KOHA)
Sınıflandırma Veya Raf Düzeni Kaynak Dewey Decimal Classification
Koha Öğesi Türü Books
999 ## - SİSTEM KONTROL NUMARALARI (KOHA)
Koha Biblionumber 10522
Koha Biblioitemnumber 10522
Holdings
Kalıcı Konum Mevcut Konum Edinme Tarihi Edinim Kaynak Toplam Check-Out'Lar Tam Çağrı Numarası Barkod Tarih Son Görülme İtibaren Geçerli Fiyatlar Koha Öğesi Türü
CHP Kütüphanesi CHP Kütüphanesi 01/30/2018 Bağış   336.26 C25g 1974 017950 01/30/2018 01/30/2018 Books